| 000 | 01226cam a2200313 i 4500 | ||
|---|---|---|---|
| 001 | 200449026 | ||
| 003 | TR-AnTOB | ||
| 005 | 20240802154529.0 | ||
| 007 | ta | ||
| 008 | 020501s1966 tu a c 000 0 tur d | ||
| 040 |
_aITU _beng _erda _cTR-AnTOB |
||
| 041 | 0 |
_atur _aeng |
|
| 050 | 0 | 0 |
_aHG353 _b.B39 1966 |
| 090 |
_aTOBBK HG353 _b.B39 1966 |
||
| 245 | 0 | 0 |
_aBayrak ve paraları ile yirminci asır dünyası Birleşmiş Milletler'i ve dünya devletlerini tanıyalım = _bLet's know the United Nations of twentieth century and their flags and currency / _cyayınlayan editör Fahri Baraç |
| 246 | 3 | 1 | _aLet's know the United Nations of twentieth century and their flags and currenc. |
| 264 | 1 |
_aAnkara : _bFahri Baraç, _c1966. |
|
| 300 |
_aseveral pages : _billustrations ; _c32 cm |
||
| 336 |
_atext _btxt _2rdacontent |
||
| 337 |
_aunmediated _bn _2rdamedia |
||
| 338 |
_avolume _bnc _2rdacarrier |
||
| 650 | 0 |
_aPaper money _xHistory _y20th century _xCatalogs. _951333 |
|
| 650 | 7 |
_aKağıt para _2etuturkob _913294 |
|
| 650 | 0 |
_aFlags _xHistory _y20th century _xCatalogs. |
|
| 650 | 0 |
_aBayraklar _xTarihi _y20. yüzyıl _xKataloglar. |
|
| 700 | 1 |
_aBaraç, Fahri _eeditor _9137395 |
|
| 942 |
_2z _cBK |
||
| 999 |
_c200449026 _d67238 |
||